Trouve l'anime - lettre I (difficile) - Statistiques

Statistiques générales
  • Ce quiz a été pris 34 fois
  • Le résultat moyen est 4 sur 20
Statistiques - réponses
Par images Réponse % Correct
Inazuma Eleven
91%
Inuyasha
61%
Ijiranaide, Nagatoro San
45%
Initial D
45%
ID : Invaded
36%
Inuyashiki
27%
Isekai quartet
27%
Isekai Oji San
18%
Inu x Boku SS
12%
Ishuzoku Reviewers
12%
idolish7
9%
Ima, Soko ni Iru Boku
9%
Inu ni nattara suki na hito ni hirowareta
9%
Ishura
9%
Ikki Tousen
3%
Isekai Meikyuu de Harem Wo
3%
Iya na Kao sare Nagara opantsu Misete Moraitai
3%
Ichiban Ushiro no Daimao
0%
Imouto Sae Ireba ii
0%
Inukami!
0%
Aucun quiz correspondant
Distribution des résultats
% des personnes avec chaque résultat
Percentile par nombre de réponses
Votre historique - résultats
Vous n’avez pas pris ce quiz